000 00637cam a22002291 4500
001 sa 68010270
003 DLC
005 20260227112551.0
008 751104q19001975ii s f000 0 eng
010 _asa 68010270
035 _a(OCoLC)1806471
040 _aDLC
_cVtU
_dOCoLC
_dDLC
042 _apremarc
050 0 0 _aJQ294
_b.A537
110 1 _aIndia.
_bElection Commission.
245 1 0 _aReport on the fourth general elections in India,
_c1967.
260 _a[New Dalhi,
_b19
300 _av.
_c25-27 cm.
505 0 _av. 1. General. v. 2. Statistical.
650 0 _aElections
_zIndia.
650 0 _aElections
_zIndia
_vStatistics.
999 _c83372
_d83372